Nesikh ha-kesef : (Record no. 33285)
[ view plain ]
| 000 -LEADER | |
|---|---|
| fixed length control field | 00948cam a22002651 4500 |
| 001 - CONTROL NUMBER | |
| control field | he 68001399 |
| 003 - CONTROL NUMBER IDENTIFIER | |
| control field | DLC |
| 005 - DATE AND TIME OF LATEST TRANSACTION | |
| control field | 20260227111458.0 |
| 008 - FIXED-LENGTH DATA ELEMENTS--GENERAL INFORMATION | |
| fixed length control field | 850102s1967 is a 000 0 heb |
| 010 ## - LIBRARY OF CONGRESS CONTROL NUMBER | |
| LC control number | he 68001399 |
| 035 ## - SYSTEM CONTROL NUMBER | |
| System control number | (OCoLC)19204253 |
| 040 ## - CATALOGING SOURCE | |
| Original cataloging agency | DLC |
| Transcribing agency | MH |
| Modifying agency | CU |
| -- | DLC |
| 041 1# - LANGUAGE CODE | |
| Language code of text/sound track or separate title | heb |
| Language code of original | rus |
| 042 ## - AUTHENTICATION CODE | |
| Authentication code | premarc |
| 050 00 - LIBRARY OF CONGRESS CALL NUMBER | |
| Classification number | PG3367.H4 |
| Item number | K5 |
| 100 1# - MAIN ENTRY--PERSONAL NAME | |
| Personal name | Tolstoy, Aleksey Konstantinovich, |
| Titles and words associated with a name | graf, |
| Dates associated with a name | 1817-1875. |
| 240 10 - UNIFORM TITLE | |
| Uniform title | Kni͡az śerebri͡anyĭ. |
| Language of a work | Hebrew |
| 245 10 - TITLE STATEMENT | |
| Title | Nesikh ha-kesef : |
| Remainder of title | sipur hisṭori mi-yeme Iṿan he-Ayom / |
| Statement of responsibility, etc. | A. Ḳ. Ṭolsṭoi ; [turgam me-Rusit bi-yede Avraham Ḳariv] ; [rishumim me-et Shelomoh Ṿitḳin] |
| 260 ## - PUBLICATION, DISTRIBUTION, ETC. | |
| Place of publication, distribution, etc. | Tel Aviv : |
| Name of publisher, distributor, etc. | Am ʻoved, |
| Date of publication, distribution, etc. | [1967] |
| 300 ## - PHYSICAL DESCRIPTION | |
| Extent | 2 v. : |
| Other physical details | ill. ; |
| Dimensions | 23 cm. |
| 440 #0 - SERIES STATEMENT/ADDED ENTRY--TITLE | |
| Title | Sifriyat Dan ḥaskhan ; |
| Volume/sequential designation | 30-31 |
| 500 ## - GENERAL NOTE | |
| General note | Translation of: Kni͡az śerebri͡anyĭ. |
| 600 00 - SUBJECT ADDED ENTRY--PERSONAL NAME | |
| Personal name | Ivan |
| Numeration | IV, |
| Titles and other words associated with a name | Czar of Russia, |
| Dates associated with a name | 1530-1584 |
| Form subdivision | Fiction. |
| 700 1# - ADDED ENTRY--PERSONAL NAME | |
| Personal name | Kariv, Avraham, |
| Dates associated with a name | 1900-1976. |
No items available.